<?xml version="1.0" encoding="UTF-8"?>
<record
    xmlns:xsi="http://www.w3.org/2001/XMLSchema-instance"
    xsi:schemaLocation="http://www.loc.gov/MARC21/slim http://www.loc.gov/standards/marcxml/schema/MARC21slim.xsd"
    xmlns="http://www.loc.gov/MARC21/slim">

  <leader>00644nam a22001337a 4500</leader>
  <datafield tag="040" ind1=" " ind2=" ">
    <subfield code="c">RUA</subfield>
  </datafield>
  <datafield tag="082" ind1=" " ind2=" ">
    <subfield code="a">MGR MOR 2017 B469 Or.1</subfield>
  </datafield>
  <datafield tag="100" ind1=" " ind2=" ">
    <subfield code="a">MORN MUTH ,&#x1798;&#x1793; &#x1798;&#x17BB;&#x178F; </subfield>
  </datafield>
  <datafield tag="245" ind1=" " ind2=" ">
    <subfield code="a">adoption of farmer's phka romdoul rice at champey commune, baty district, takeo province,&#x1780;&#x17B6;&#x179A;&#x1791;&#x1791;&#x17BD;&#x179B;&#x1799;&#x1780;&#x179F;&#x17D2;&#x179A;&#x17BC;&#x179C;&#x1795;&#x17D2;&#x1780;&#x17B6;&#x179A;&#x17C6;&#x178A;&#x17BD;&#x179B;&#x179A;&#x1794;&#x179F;&#x17CB;&#x1780;&#x179F;&#x17B7;&#x1780;&#x179A;&#x1793;&#x17C5;&#x1783;&#x17BB;&#x17C6;&#x1785;&#x17C6;&#x1794;&#x17BB;&#x17B8; &#x179F;&#x17D2;&#x179A;&#x17BB;&#x1780;&#x1794;&#x17B6;&#x1791;&#x17B8; &#x1781;&#x17C1;&#x178F;&#x17D2;&#x178F;&#x178F;&#x17B6;&#x1780;&#x17C2;&#x179C;</subfield>
  </datafield>
  <datafield tag="260" ind1=" " ind2=" ">
    <subfield code="a">RUA</subfield>
    <subfield code="b">phnom penh</subfield>
    <subfield code="c">2017</subfield>
  </datafield>
  <datafield tag="300" ind1=" " ind2=" ">
    <subfield code="a">xi;52p;</subfield>
    <subfield code="b">ill;</subfield>
    <subfield code="c">29cm;</subfield>
  </datafield>
  <datafield tag="856" ind1=" " ind2=" ">
    <subfield code="u">https://drive.google.com/file/d/1OutukqTkXzRNn8B1ewCcYMci2yxDlsjY/view?usp=sharing</subfield>
  </datafield>
  <datafield tag="942" ind1=" " ind2=" ">
    <subfield code="c">NRM</subfield>
  </datafield>
  <datafield tag="999" ind1=" " ind2=" ">
    <subfield code="c">19241</subfield>
    <subfield code="d">19241</subfield>
  </datafield>
  <datafield tag="952" ind1=" " ind2=" ">
    <subfield code="0">0</subfield>
    <subfield code="1">0</subfield>
    <subfield code="2">ddc</subfield>
    <subfield code="4">0</subfield>
    <subfield code="6">MGR_MOR_2017_000000000000000_B469_OR_1</subfield>
    <subfield code="7">0</subfield>
    <subfield code="9">84428</subfield>
    <subfield code="a">LBB</subfield>
    <subfield code="b">LBB</subfield>
    <subfield code="c">B469</subfield>
    <subfield code="d">2020-07-06</subfield>
    <subfield code="o">MGR MOR 2017 B469 Or.1</subfield>
    <subfield code="p">A44007</subfield>
    <subfield code="r">2020-07-06</subfield>
    <subfield code="w">2020-07-06</subfield>
    <subfield code="y">NRM</subfield>
  </datafield>
  <datafield tag="952" ind1=" " ind2=" ">
    <subfield code="0">0</subfield>
    <subfield code="1">0</subfield>
    <subfield code="2">ddc</subfield>
    <subfield code="4">0</subfield>
    <subfield code="6">MGR_MOR_2017_000000000000000_B469_OR_2</subfield>
    <subfield code="7">0</subfield>
    <subfield code="9">84429</subfield>
    <subfield code="a">LBB</subfield>
    <subfield code="b">LBB</subfield>
    <subfield code="c">B469</subfield>
    <subfield code="d">2020-07-06</subfield>
    <subfield code="o">MGR MOR 2017 B469 Or.2</subfield>
    <subfield code="p">A42465</subfield>
    <subfield code="r">2020-07-06</subfield>
    <subfield code="w">2020-07-06</subfield>
    <subfield code="y">NRM</subfield>
  </datafield>
  <datafield tag="952" ind1=" " ind2=" ">
    <subfield code="0">0</subfield>
    <subfield code="1">0</subfield>
    <subfield code="2">ddc</subfield>
    <subfield code="4">0</subfield>
    <subfield code="6">MGR_MOR_2017_000000000000000_B469_OR_3</subfield>
    <subfield code="7">0</subfield>
    <subfield code="9">84430</subfield>
    <subfield code="a">LBB</subfield>
    <subfield code="b">LBB</subfield>
    <subfield code="c">B469</subfield>
    <subfield code="d">2020-07-06</subfield>
    <subfield code="o">MGR MOR 2017 B469 Or.3</subfield>
    <subfield code="p">A44635</subfield>
    <subfield code="r">2020-07-06</subfield>
    <subfield code="w">2020-07-06</subfield>
    <subfield code="y">NRM</subfield>
  </datafield>
  <datafield tag="952" ind1=" " ind2=" ">
    <subfield code="0">0</subfield>
    <subfield code="1">0</subfield>
    <subfield code="2">ddc</subfield>
    <subfield code="4">0</subfield>
    <subfield code="6">MGR_MOR_2017_000000000000000_B469_OR_4</subfield>
    <subfield code="7">0</subfield>
    <subfield code="9">84431</subfield>
    <subfield code="a">LBB</subfield>
    <subfield code="b">LBB</subfield>
    <subfield code="c">B469</subfield>
    <subfield code="d">2020-07-06</subfield>
    <subfield code="o">MGR MOR 2017 B469 Or.4</subfield>
    <subfield code="p">A44130</subfield>
    <subfield code="r">2020-07-06</subfield>
    <subfield code="w">2020-07-06</subfield>
    <subfield code="y">NRM</subfield>
  </datafield>
  <datafield tag="952" ind1=" " ind2=" ">
    <subfield code="0">0</subfield>
    <subfield code="1">0</subfield>
    <subfield code="2">ddc</subfield>
    <subfield code="4">0</subfield>
    <subfield code="6">MGR_MOR_2017_000000000000000_B469_OR_5</subfield>
    <subfield code="7">0</subfield>
    <subfield code="9">84432</subfield>
    <subfield code="a">LBB</subfield>
    <subfield code="b">LBB</subfield>
    <subfield code="c">B469</subfield>
    <subfield code="d">2020-07-06</subfield>
    <subfield code="o">MGR MOR 2017 B469 Or.5</subfield>
    <subfield code="p">A43089</subfield>
    <subfield code="r">2020-07-06</subfield>
    <subfield code="w">2020-07-06</subfield>
    <subfield code="y">NRM</subfield>
  </datafield>
  <datafield tag="952" ind1=" " ind2=" ">
    <subfield code="0">0</subfield>
    <subfield code="1">0</subfield>
    <subfield code="2">ddc</subfield>
    <subfield code="4">0</subfield>
    <subfield code="6">MGR_MOR_2017_000000000000000_B469_OR_6</subfield>
    <subfield code="7">0</subfield>
    <subfield code="9">84433</subfield>
    <subfield code="a">LBB</subfield>
    <subfield code="b">LBB</subfield>
    <subfield code="c">B469</subfield>
    <subfield code="d">2020-07-06</subfield>
    <subfield code="o">MGR MOR 2017 B469 Or.6</subfield>
    <subfield code="p">A44530</subfield>
    <subfield code="r">2020-07-06</subfield>
    <subfield code="w">2020-07-06</subfield>
    <subfield code="y">NRM</subfield>
  </datafield>
</record>
